Sočinenija Tom 6

Bibliographic Details
Main Authors: Marx, Karl, 1818-1883 (Author), Engels, Friedrich, 1820-1895 (Author)
Format: Book Chapter
Language:Russian
PhysicalDescription:xxii, 761 s. il.
Published: Moskva Gosudarstvennoje izdatel'stvo političeskoj literatury 1957
Edition:2. izd.
Subjects:

MARC

LEADER 00000naa a22000007aa4500
001 vtls010468472
003 SK-MaSNL
005 20260302145329.0
008 121112s1957 xo a u00 0 russ
040 |a SVKPO  |b slo  |c SVKPO  |e AACR2 
041 0 |a rus 
044 |a xo  |c SK 
080 |a 141.82  |2 2001 
100 1 |a Marx, Karl,  |d 1818-1883  |4 aut  |9 102765 
245 1 0 |a Sočinenija  |n Tom 6  |c K. Marks i F. Engel's 
250 |a 2. izd. 
260 |a Moskva  |b Gosudarstvennoje izdatel'stvo političeskoj literatury  |c 1957 
300 |a xxii, 761 s.  |b il. 
500 |a Institut marksizma-leninizma pri CK KPSS 
600 1 7 |a Marx, Karl,  |d 1818-1883  |2 SVKPOMA  |9 102765 
600 1 7 |a Engels, Friedrich,  |d 1820-1895  |2 SVKPOMA  |9 102766 
650 0 7 |a nemeckí filozofi  |2 SVKPOPH  |9 76071 
650 0 7 |a spisy  |2 SVKPOPH  |9 771179 
700 1 |a Engels, Friedrich,  |d 1820-1895  |4 aut  |9 102766 
999 |c 1353671  |d 1355601